Разработка систем управления знаниями на основе единой онтологической базы знаний; Известия Томского политехнического университета [Известия ТПУ]; Т. 310, № 2
| Parent link: | Известия Томского политехнического университета [Известия ТПУ]/ Томский политехнический университет (ТПУ).— , 2000- Т. 310, № 2.— 2007.— [С. 182-185] |
|---|---|
| Autor principal: | |
| Sumari: | Заглавие с титульного листа Электронная версия печатной публикации Предлагается создание системы управления знаниями на основе единой модели знаний организации, описываемой в виде системы дополняющих друг друга онтологий. В систему входит базовая онтология организации и набор онтологий областей знаний. Описан вариант построения такой модели знаний и предложена структура системы управления знаниями на ее основе. |
| Idioma: | rus |
| Publicat: |
2007
|
| Col·lecció: | Управление, вычислительная техника и информатика |
| Matèries: | |
| Accés en línia: | http://www.lib.tpu.ru/fulltext/v/Bulletin_TPU/2007/v310/i2/41.pdf |
| Format: | Electrònic Capítol de llibre |
| KOHA link: | https://koha.lib.tpu.ru/cgi-bin/koha/opac-detail.pl?biblionumber=172162 |
MARC
| LEADER | 00000nla2a2200000 4500 | ||
|---|---|---|---|
| 001 | 172162 | ||
| 005 | 20231031164226.0 | ||
| 035 | |a (RuTPU)RU\TPU\book\186660 | ||
| 035 | |a RU\TPU\book\186655 | ||
| 090 | |a 172162 | ||
| 100 | |a 20091210d2007 k y0rusy50 ca | ||
| 101 | 0 | |a rus | |
| 102 | |a RU | ||
| 135 | |a drnn ---uucaa | ||
| 181 | 0 | |a i | |
| 182 | 0 | |a b | |
| 200 | 1 | |a Разработка систем управления знаниями на основе единой онтологической базы знаний |b Электронный ресурс |f А. Ф. Тузовский | |
| 203 | |a Текст |c электронный | ||
| 215 | |a 1 файл (261 Кб) | ||
| 225 | 1 | |a Управление, вычислительная техника и информатика | |
| 230 | |a Электронные текстовые данные (1 файл : 261 Кб) | ||
| 300 | |a Заглавие с титульного листа | ||
| 300 | |a Электронная версия печатной публикации | ||
| 320 | |a [Библиогр.: с. 185 (10 назв.)] | ||
| 330 | |a Предлагается создание системы управления знаниями на основе единой модели знаний организации, описываемой в виде системы дополняющих друг друга онтологий. В систему входит базовая онтология организации и набор онтологий областей знаний. Описан вариант построения такой модели знаний и предложена структура системы управления знаниями на ее основе. | ||
| 337 | |a Adobe Reader | ||
| 461 | 1 | |0 (RuTPU)RU\TPU\book\176237 |t Известия Томского политехнического университета [Известия ТПУ] |f Томский политехнический университет (ТПУ) |d 2000- | |
| 463 | 1 | |0 (RuTPU)RU\TPU\book\186512 |x 1684-8519 |t Т. 310, № 2 |v [С. 182-185] |d 2007 |p 269 с. | |
| 610 | 1 | |a разработки | |
| 610 | 1 | |a системы управления знаниями | |
| 610 | 1 | |a онтологическая база знаний | |
| 610 | 1 | |a онтологии | |
| 610 | 1 | |a базовая онтология | |
| 610 | 1 | |a организация | |
| 610 | 1 | |a структуры | |
| 610 | 1 | |a труды учёных ТПУ | |
| 610 | 1 | |a электронный ресурс | |
| 700 | 1 | |a Тузовский |b А. Ф. |c профессор каф. оптимизации систем управления (ОСУ) АВТФ, ТПУ |c доктор технических наук |c зав. лаб. «Системы Управления Знаниями» |f 1952- |g Анатолий Федорович |2 stltpush |3 (RuTPU)RU\TPU\pers\25952 | |
| 801 | 1 | |a RU |b 63413507 |c 20090623 |g PSBO | |
| 801 | 2 | |a RU |b 63413507 |c 20211115 |g PSBO | |
| 856 | 4 | |u http://www.lib.tpu.ru/fulltext/v/Bulletin_TPU/2007/v310/i2/41.pdf | |
| 942 | |c CF | ||